LIBRARY & INFORMATION CENTRE, KCAET, TAVANUR

ONLINE PUBLIC ACCESS CATALOGUE (OPAC)

Disaster Management (Record no. 14616)

MARC details
000 -LEADER
fixed length control field 00332nam a22001337a 4500
020 ## - INTERNATIONAL STANDARD BOOK NUMBER
ISBN 9789381714317
082 ## - DEWEY DECIMAL CLASSIFICATION NUMBER
Classification number 363.3480954
Item number SHA/DIS
100 ## - MAIN ENTRY--AUTHOR NAME
Personal name Sharma,Vinod K.
245 ## - TITLE STATEMENT
Title Disaster Management
250 ## - EDITION STATEMENT
Edition statement 2 nd
260 ## - PUBLICATION, DISTRIBUTION, ETC. (IMPRINT)
Place of publication New Delhi
Name of publisher Med Tech-Scientific International Pvt. Ltd
Year of publication 2013
300 ## - PHYSICAL DESCRIPTION
Number of Pages 373
942 ## - ADDED ENTRY ELEMENTS (KOHA)
Koha item type Books
Holdings
Withdrawn status Lost status Damaged status Collection code Home library Current library Shelving location Date acquired Source of acquisition Cost, normal purchase price Full call number Accession Number Koha item type
        KAUAET KAUAET General Stacks 21/07/2016 Dream Tech, Trivandrum 1395.00 363.3480954 SHA/DIS 24775 Books
free website counter